Visualizzazione normale
Vista MARC
- Lafalce L.
di Personal Name
Records bibliografici associati: 1
001 - CONTROL NUMBER
- control field: 2043
003 - CONTROL NUMBER IDENTIFIER
- control field: IT-RoPau
005 - DATE AND TIME OF LATEST TRANSACTION
- control field: 20131114171457.0
008 - FIXED-LENGTH DATA ELEMENTS
- fixed length control field: 131114|| aca||aabn | a|a d
040 ## - CATALOGING SOURCE
- Original cataloging agency: IT-RoPau
- Transcribing agency: IT-RoPau
100 ## - HEADING--PERSONAL NAME
- Personal name: Lafalce L.
- Dates associated with a name: Codice autore musica SPICS: 23128
- Relator term: Autore musica
- Name of part/section of a work: Magical Night
670 ## - SOURCE DATA FOUND
- Source citation: Work cat.: (IT-RoPau)102842: AA.VV. 794, Cristal Geant (Lp De.X 13001-Disco dimostrativo)